| 000 | 00967pam a2200289 a 4500 | ||
|---|---|---|---|
| 005 | 20260322212039.0 | ||
| 008 | data | ||
| 010 | _a 81048102 | ||
| 020 |
_a0394514459 : _c{dollar}16.95 |
||
| 020 |
_a0394709594 (pbk.) : _c{dollar}8.95 |
||
| 020 |
_a9780394514451 : _c{dollar}16.95 |
||
| 020 |
_a9780394709598 (pbk.) : _c{dollar}8.95 |
||
| 040 |
_aDLC _cDLC _dDLC |
||
| 043 | _af-sa--- | ||
| 050 | 0 | 0 |
_aDT763.6 _b.M33 1982 |
| 082 | 0 | 0 |
_a968/.00496 _219 |
| 092 | _a968 M33 1982 | ||
| 100 | 1 | _aMagubane, Peter. | |
| 245 | 1 | 0 |
_aBlack child / _cPeter Magubane. |
| 250 | _a1st ed. | ||
| 260 |
_aNew York : _bDistributed by Random House, _bDistributed by Random House, _c1982. |
||
| 300 |
_a102 p. : _bchiefly ill. ; _c28 cm. |
||
| 650 | 0 |
_aBlacks _zSouth Africa _xSocial conditions _vPictorial works. |
|
| 650 | 0 |
_aChildren, Black _zSouth Africa _xSocial conditions _vPictorial works. |
|
| 651 | 0 |
_aSouth Africa _xSocial conditions _y1961-1994 _vPictorial works. |
|
| 001 | data | ||
| 999 |
_c912 _d912 |
||